01066cam a22002531i 4500001001300000003000400013005001700017008004100034010001700075035001900092040004400111042001200155050002500167100004900192245008100241260004800322300004900370490005300419500012600472500013400598650002500732650003800757999001700795l 39000006 DLC20260227111536.0761214s1938 dcuab f000 0 eng c al 39000006  a(OCoLC)2620463 aU.S. Dept. of Labor. Libr.cMidMidDLC apremarc00aHD6093b.A35 no. 1601 aMettert, Mrs. Margaret Jane Thompson,d1907-10aIndustrial injuries to women and men, 1932 to 1934,cby Margaret T. Mettert. aWashington,bU.S. Govt. Print. Off.,c1938. av, 37 p.bincl. tables, diagrs. map.c23 cm.0 aBulletin of the [U.S.] Women's bureau ;vno. 160 aAt head of title: United States Department of labor. Frances Perkins, secretary. Women's bureau. Mary Anderson, director. a"The fourth report issued by the Women's bureau in its series dealing with industrial injuries to women."--Letter of transmittal. 0aIndustrial accidents 0aWomenxEmploymentzUnited States. c36280d36280